01239cas a2200277 a 4500001001900000003000400019005001700023008004100040035002500081035002100106040002300127041001300150080003300163110004600196245010300242260007400345300001800419310001000437362006500447500019600512500003500708500003300743515006200776546003100838856009200869991005658539706706OSt20250116161822.0010424d19181930spca| p|| ||| 0 b|spa  a(ES-BaCBU).b26221135 a(OCoLC)807620326 aES-BaBCbcatcCDMR0 aspabfre a070(467.1 Ba Barcelona)(058)2 aAsociación de Periodistas de Barcelona.10aMemoria de la Asociación de Periodistas de Barcelonac/ Asociación de Periodistas de Barcelona aBarcelona:bAsociación de Periodistas de Barcelona,c[1918?]-[1930] avol. ;c20 cm aAnual1 aComença: 1917. No es publica del 1918 al 1925. Acaba: 1929 aTít. a la coberta el 1927: Memoria de los trabajos realizados por la Junta Directiva durante el año ... ; el 1928 desapareix a la coberta el títol "Memoria", només el nom de l'entitat aTambé es publica en català aDescripció basada en: 1926 aLa data de la numeració és anterior al volum publicat aAlguns textos en francès uhttps://arca.bnc.cat/arcabib_pro/ca/consulta/registro.do?id=2800zAccés lliure (ARCA)